Vzácna borovica vyschla v parku UNLP stojí už iba zoschnuté torzo, ktoré budú musieť vyrúbať

Bibliographic Details
Main Author: Vargová, Jana (Author)
Format: Article
Language:Slovak
PhysicalDescription:Fotografie
ISSN:1339-7605
Subjects:
Online Access:https://kosicednes.sk/udalosti/vzacna-borovica-vyschla/

MARC

LEADER 00000nab a2200000u 4500
001 vtls011896104
003 SK-MaSNL
005 20260303210805.0
008 191025|20191024xo ||||||| ||00 ||slo|
038 |a KEVKJB 
040 |a KEVKJB  |b slo  |e rda 
041 0 |a slo 
043 |a e-xo--- 
044 |a xo  |c SK 
072 7 |a 58  |x Botanika  |2 konspekt 
080 |a 582.475  |2 2011 
100 1 |a Vargová, Jana  |4 aut  |9 325005 
245 1 0 |a Vzácna borovica vyschla  |b v parku UNLP stojí už iba zoschnuté torzo, ktoré budú musieť vyrúbať  |c Jana Vargová 
300 |b Fotografie 
336 |a text  |b txt  |2 rdacontent 
337 |a bez média  |b n  |2 rdamedia 
338 |a zväzok  |b nc  |2 rdacarrier 
610 2 7 |a Univerzitná nemocnica L. Pasteura Košice  |2 SNKKAnba  |9 155401 
650 0 7 |a francúzske parky  |2 kevkjb  |9 1242953 
650 0 7 |a borovica  |2 SNKPH  |9 72702 
651 7 |a Košice (Slovensko)  |2 SNKPHgeo  |9 18694 
773 0 |t KOŠICE:DNES  |g Roč. 6, č. 207 (24.10.2019), s. 4  |x 1339-7605 
852 |a KEVKJB  |b KIS3GCP 
856 4 1 |u https://kosicednes.sk/udalosti/vzacna-borovica-vyschla/ 
999 |c 2201743  |d 2203673